Niektoré prístupy k modelovaniu hospodárskej dynamiky

Bibliographic Details
Main Author: Goga, Marián, 1950- (Author)
Format: Article
Language:Slovak
ISSN:0323-262X
Subjects:

MARC

LEADER 00000nab a2200000 a 4500
001 vtls008629183
003 SK-MaSNL
005 20260304223108.0
008 250505c2006 xo qr|p|||||||000 b|slo
015 |a SNBRB2006/03  |2 snkbucl 
035 |a (uuid)88a3fe08-0a0c-4777-aabd-1dd92dda6809 
035 |a urn:nbn:sk:snk-ab2e6a 
035 |a (urnnbn)urn:nbn:sk:snk:ar-a028nq 
038 |a SNKBUCL 
040 |a SNKBUCL  |b slo  |c SNKBUCL  |e AACR2 
041 0 |a slo  |b eng 
044 |a xo  |c SK 
080 |a 330.3  |2 1997 
100 1 |a Goga, Marián,  |d 1950-  |4 aut  |9 260375 
245 1 0 |a Niektoré prístupy k modelovaniu hospodárskej dynamiky  |c Marián Goga 
504 |a Bibliogr. odkazy 
546 |a Res. angl. 
650 0 7 |a ekonomika  |2 snkbucl  |9 789 
650 0 7 |a dynamika ekonomiky  |2 snkbucl  |9 83354 
650 0 7 |a modelovanie  |2 snkbucl  |9 15732 
773 0 |t Ekonomické rozhľady = Economic Review  |g Roč. XXXV., č. 1 (2006), s. 32-44  |x 0323-262X 
850 |a Slovenská národná knižnica 
852 |a Slovenská národná knižnica 
954 |a odborná, vedecká literatúra pôvodná (slovenská)  |2 lita 
958 |a article27 
958 |a NB 
958 |a OND 
958 |a EUIPO 
999 |c 3166366  |d 3168296